Big test for the south west (Record no. 78735)

MARC details
000 -LEADER
fixed length control field 00932cab a22001935a 4500
001 - CONTROL NUMBER
control field L137914
008 - FIXED-LENGTH DATA ELEMENTS--GENERAL INFORMATION
fixed length control field 070508s2007 xxko f 000 0 eng d
035 ## - SYSTEM CONTROL NUMBER
System control number (Sirsi) u137914
041 0# - LANGUAGE CODE
Language code of text/sound track or separate title eng
100 1# - MAIN ENTRY--PERSONAL NAME
Personal name Pratt, Alexandra
245 00 - TITLE STATEMENT
Title Big test for the south west
260 ## - PUBLICATION, DISTRIBUTION, ETC.
Date of publication, distribution, etc. 2007
490 ## - SERIES STATEMENT
Series statement RICS Business
Volume/sequential designation May 2007, 18-22(4)
520 ## - SUMMARY, ETC.
Summary, etc. Regeneration article discusses the pattern of movement to the south west and its effect on the economy and property markets. Gives an overview of the housing market's problems. Prices are too high for local incomes. Some regeneration in the commercial market is noted. Finds that more holistic and sustainable development is needed. There are also too few surveyors in the region. Presents case studies of projects in Taunton, Camborne and Bristol.
590 ## - LOCAL NOTE (RLIN)
Local note KA
651 #4 - SUBJECT ADDED ENTRY--GEOGRAPHIC NAME
Geographic name South West (England)
Chronological subdivision 1994-
690 ## - LOCAL SUBJECT ADDED ENTRY--TOPICAL TERM (OCLC, RLIN)
Topical term or geographic name as entry element PROPERTY-PROPERTY MANAGEMENT-REGENERATION
942 ## - ADDED ENTRY ELEMENTS (KOHA)
Suppress in OPAC 0
Holdings
Withdrawn status Lost status Source of classification or shelving scheme Damaged status Not for loan Home library Current library Shelving location Date acquired Total Checkouts Full call number Barcode Date last seen Copy number Price effective from Koha item type
    Dewey Decimal Classification     London London Journal article 08/05/2007   L137914 137914-1001 06/08/2019 1 06/08/2019 Journal article